01253nam a2200169 a 450000500170000000800410001702000150005804100080007310000150008124500430009625000400013926000370017930000110021650000830022750507580031065500150106820241023134621.0100630t2004||||sp |||g p 1p0dspa d a8466616209 aspa1 aRice, Anne aEntrevista con el vampiro /cAnne Rice a1a ed.bTraducción Marcelo Covian aBarcelona: bEdiciones B;c2004. a463 p. aRice, A. (2004). Entrevista con el vampiro. (1a ed.). Barcelona : Ediciones B. aPrimera novela de una emocionante trilogía, Entrevista con el vampiro narra la conversión de un joven de Nueva Orleans en eterno habitante de la noche. El personaje tiene un poderoso motivo para convertirse en un ser maldito: el sentimiento de culpabilidad por la muerte de su hermano menor. Pero desde el comienzo de su vida sobrenatural los sentimientos más humano salen a su paso, en especial el amor, no exento de dependencia psicológica y sexual, por una de sus jóvenes victimas. Una novela de inusitado horror, producto de una pluma magistral. Anne Rice es autora, entre otras novelas de tres famosas series: Crónicas Vampíricas, a la que pertenece, entre otros, este título; las brujas de Mayfair, y Nuevas historias de vampiros.  aLiteratura